| 000 | 00329nam a22001337a 4500 | ||
|---|---|---|---|
| 082 | _a027.70942 NEA | ||
| 100 | _aNEAL, K. W. | ||
| 245 | _aBritish Academic Libraries | ||
| 260 |
_aEngland _bSt Ann's Press _c1973 |
||
| 300 |
_a193p. _bill.; 22cm |
||
| 500 | _aInclude: Index | ||
| 650 | _aBritish Academic Libraries | ||
| 942 | _cBK | ||
| 999 |
_c19079 _d19079 |
||